00655nam a2200157Ia 4500008004100000100002100041245012100062245009100183260004900274260000900323300001200332650001300344856004800357999001900405952007300424170221s9999 xx 000 0 und d aUchenna N. Akpom aDeterminants of auditor independence: a comparison of the perceptions of auditors and non-auditors in Lagos, Nigeria cUchenna N. Akpom, Tarrant County College; Young O. Dimkpah, Virginia State University. bJournal of Management and Marketing Research c2012 a32 : 13 xBusiness uhttp://www.aabri.com/manuscripts/131506.pdf c311337d311337 001040aCLbCLd2017-02-21l0r2017-02-21 00:00:00w2017-02-21yFOJ